000 00973cad a22002535a 4500
001 E151100
008 100930s2009 xxk f 100 0 eng d
020 _a9781842195192
035 _a(Sirsi) u151100
041 0 _aeng
100 1 _aNtshwene, Keneilwe
111 2 _aConstruction and Building Research Conference
_cUniversity of Cape Town
_d10-11 September 2009
245 0 0 _aSustainable research platform at the University of Botswana
_h[electronic resource]
260 _aLondon
_bRICS
_c2009
520 _aA paper presented at the COBRA Conference in Cape Town on 10-11 September 2009.
590 _aKA
650 2 4 _aCONSTRUCTION AND BUILDING RESEARCH CONFERENCE (COBRA)
651 4 _aBotswana
690 _aCAREERS, EDUCATION AND TRAINING
700 1 _aKashiwagi, Jacob
700 1 _aKashiwagi, Dean
856 4 0 _uhttps://www.rics.org/site/scripts/download_info.aspx?fileID=4956&categoryID=524
_zView the item free of charge at www.rics.org
942 _n0
999 _c111152
_d111152